|
|
|
|
| LEADER |
00000nam#a22000001a#4500 |
| 001 |
00016577 |
| 003 |
AR-BaUAD |
| 005 |
20230908142119.0 |
| 008 |
030916s1970####xxk||||##||||||||#||eng|d |
| 020 |
|
|
|a 0713701919
|
| 040 |
|
|
|a AR-BaUAD
|b spa
|c AR-BaUAD
|
| 041 |
|
|
|a eng
|
| 044 |
|
|
|c gb
|2 ISO3166-1
|
| 100 |
1 |
|
|a Jaspert, W. Pincus
|
| 245 |
1 |
4 |
|a The encyclopaedia of type faces
|
| 250 |
|
|
|a 4th ed., entirely restyled and greatly enl.
|
| 260 |
|
|
|a London :
|b Blandford,
|c c1970
|
| 300 |
|
|
|a xv, 420 p.
|
| 500 |
|
|
|a Preface to fourth edition: p. vii.
|
| 500 |
|
|
|a Technical terms used in the descriptions: p. viii.
|
| 500 |
|
|
|a Introduction: p. ix-xiii.
|
| 500 |
|
|
|a Typeface nomenclature: p. xiii.
|
| 500 |
|
|
|a Clasification: p. xiv-xv.
|
| 500 |
|
|
|a Index to designers: p. 409-413.
|
| 500 |
|
|
|a Index to type faces: p. 414-420.
|
| 700 |
1 |
|
|a Berry, W. Turner
|
| 700 |
1 |
|
|a Johnson, A. F.
|
| 653 |
|
|
|a TIPOGRAFIA
|
| 653 |
|
|
|a FAMILIAS TIPOGRAFICAS
|
| 653 |
|
|
|a DISEÑO GRAFICO
|
| 653 |
|
|
|a CATALOGOS
|
| 655 |
|
|
|a TEXTO
|
| 852 |
|
|
|c 88-5
|
| 952 |
|
|
|0 0
|1 0
|4 0
|6 885
|7 0
|9 37352
|a AR-BaUAD
|b AR-BaUAD
|d 0000-00-00
|e donac. CIDI-INTI (Ing. Rey)
|g 50.00
|i 16577
|l 0
|o 88-5
|p omt9l16577
|r 2023-09-08 14:21:19
|w 2023-09-08
|y BK
|
| 990 |
|
|
|a Ej. No1 : 16577 . 23/4/2003 -- donac. CIDI-INTI (Ing. Rey) -- (50 pesos).
|b ADM
|
| 990 |
|
|
|a DG197
|b TD
|
| 990 |
|
|
|a AAQ00016577
|b CC
|
| 998 |
|
|
|a AAQ
|b Bibun 76
|
| 942 |
|
|
|c BK
|
| 999 |
|
|
|c 18743
|d 18743
|